| 000 | 00670nam a2200253Ia 4500 | ||
|---|---|---|---|
| 003 | OSt | ||
| 005 | 20220918191008.0 | ||
| 006 | a|||||r|||| 00| 0 | ||
| 007 | ta | ||
| 008 | 220917b |||||||| |||| 00| 0 eng d | ||
| 024 | _a60,876 | ||
| 037 | _cTextual | ||
| 040 |
_aARTS _cARTS _beng |
||
| 041 |
_2eng _aeng |
||
| 082 | _aQ6:(N), L6 | ||
| 100 |
_aPurdy William A _974474 |
||
| 245 | 0 | _aSeeing and believing theology and art | |
| 260 |
_aButler _bClergy Book Service _c1976 |
||
| 300 |
_a136p. _ccm. |
||
| 490 | _aTheology today series; 39 | ||
| 650 | _aRELIGION | ||
| 942 |
_hQ6:(N), L6 _cTEXL _2CC |
||
| 999 |
_c187755 _d187755 |
||